[Event "Vitosha op U10 3rd"]
[Site "Vitosha"]
[Date "2017.07.01"]
[Round "3"]
[White "Draganova, Yana"]
[Black "Dobrislavov, Kaloyan"]
[Result "0-1"]
[WhiteElo "1174"]
[BlackElo "1317"]
[PlyCount "78"]
[EventDate "2017.07.01"]
[EventType "swiss"]
[EventRounds "6"]
[EventCountry "BUL"]
[SourceTitle "CBM 179 Extra"]
[Source "ChessBase"]
[SourceDate "2017.08.23"]
[SourceVersion "1"]
[SourceVersionDate "2017.08.23"]
[SourceQuality "1"]

1. e4 e5 2. Nf3 d6 3. Bc4 Be7 4. 0-0 Nf6 5. d3 0-0 6. Be3 Nc6 7. c3 Be6 8. Nbd2 d5 9. exd5 Nxd5 10. Bxd5 Qxd5 11. d4 exd4 12. cxd4 Bf6 13. Nb3 Bg4 14. h3 Bxf3 15. gxf3 Rad8 16. Bf4 Nxd4 17. Nxd4 Bxd4 18. Bxc7 Rd7 19. Bg3 Qg5 20. Qa4 Qxg3+ 21. Kh1 Qxh3+ 22. Kg1 Bxb2 23. Rad1 Be5 24. f4 Rxd1 25. Rxd1 Qg4+ 26. Kf1 Qxf4 27. Qxa7 Qf3 28. Rd2 Qh1+ 29. Ke2 Re8 30. Kd3 Qf3+ 31. Kc2 Qc6+ 32. Kd1 h6 33. Qe3 Qa4+ 34. Rc2 Rd8+ 35. Kc1 Bf4 36. a3 Bxe3+ 37. fxe3 Qxa3+ 38. Kb1 Rd1+ 39. Rc1 Rxc1# 0-1